Finančná kríza Súčasnosť? Budúcnosť?

Prezentácia na tému Finančná kríza.

Gespeichert in:
Bibliographische Detailangaben
1. Verfasser: Sivák, Rudolf, 1955-
Format: Buchkapitel
Sprache:Slowakisch
Schlagworte:
Tags: Tag hinzufügen
Keine Tags, Fügen Sie das erste Tag hinzu!

MARC

LEADER 00000naa$a2200000$$$4500
001 0098839
005 20240502072105.3
041 0 |a slo 
044 |a SK 
245 1 0 |a Finančná kríza Súčasnosť? Budúcnosť?  |c Rudolf Sivák 
500 |a Prezentácia 
520 |a Prezentácia na tému Finančná kríza. 
610 2 0 |a kríza finančná 
610 2 0 |a banky 
610 2 0 |a úver 
610 2 0 |a nehnuteľnosti 
610 2 0 |a špekulácie 
610 2 0 |a akcie 
610 2 0 |a svet 
100 1 |a Sivák, Rudolf, 1955-